<?xml version="1.0" encoding="UTF-8"?>
<collection xmlns="http://www.loc.gov/MARC21/slim">
 <record>
  <leader>01013cam a22002294a 4500</leader>
  <controlfield tag="001">EEA.libagro009634</controlfield>
  <controlfield tag="008">040806s2004####wiuab####b####001#0#eng##</controlfield>
  <controlfield tag="005">20210921194333.0</controlfield>
  <datafield tag="245" ind1="0" ind2="0">
   <subfield code="a">Warm-season (C4) grasses /</subfield>
   <subfield code="c">co-editors, Lowell E. Moser, Byron L. Burson, Lynn E. Sollenberger ; plant illustrations, Kelly Rhodes Hays.</subfield>
  </datafield>
  <datafield tag="260" ind1=" " ind2=" ">
   <subfield code="a">Madison, Wis. :</subfield>
   <subfield code="b">American Society of Agronomy :</subfield>
   <subfield code="b">Crop Science Society of America :</subfield>
   <subfield code="b">Soil Science Society of America,</subfield>
   <subfield code="c">2004.</subfield>
  </datafield>
  <datafield tag="300" ind1=" " ind2=" ">
   <subfield code="a">xxi, 1171 p. :</subfield>
   <subfield code="b">il., mapas ;</subfield>
   <subfield code="c">24 cm.</subfield>
  </datafield>
  <datafield tag="490" ind1="1" ind2=" ">
   <subfield code="a">Agronomy ;</subfield>
   <subfield code="v">nº 45</subfield>
  </datafield>
  <datafield tag="504" ind1=" " ind2=" ">
   <subfield code="a">Incluye referencias bibliográficas.</subfield>
  </datafield>
  <datafield tag="020" ind1=" " ind2=" ">
   <subfield code="a">0891181563</subfield>
  </datafield>
  <datafield tag="700" ind1="1" ind2=" ">
   <subfield code="a">Moser, L. E.</subfield>
   <subfield code="q">(Lowell E.)</subfield>
  </datafield>
  <datafield tag="700" ind1="1" ind2=" ">
   <subfield code="a">Burson, Byron L.</subfield>
  </datafield>
  <datafield tag="700" ind1="1" ind2=" ">
   <subfield code="a">Sollenberger, Lynn Elwood,</subfield>
   <subfield code="d">1957-</subfield>
  </datafield>
  <datafield tag="082" ind1="0" ind2="0">
   <subfield code="a">633.202</subfield>
  </datafield>
  <datafield tag="650" ind1=" " ind2="7">
   <subfield code="a">Gramíneas</subfield>
   <subfield code="2">agrovoc</subfield>
  </datafield>
  <datafield tag="650" ind1=" " ind2="7">
   <subfield code="a">Plantas forrajeras</subfield>
   <subfield code="2">agrovoc</subfield>
  </datafield>
  <datafield tag="856" ind1="4" ind2="2">
   <subfield code="3">Tabla de contenidos</subfield>
   <subfield code="u">https://acsess.onlinelibrary.wiley.com/doi/pdf/10.2134/agronmonogr45.frontmatter</subfield>
  </datafield>
  <datafield tag="859" ind1=" " ind2=" ">
   <subfield code="a">AR-BbBCA</subfield>
   <subfield code="b">BIB. AGRONOMIA</subfield>
   <subfield code="h">633.202</subfield>
   <subfield code="i">M899</subfield>
   <subfield code="p">2006/5058</subfield>
  </datafield>
 </record>
</collection>
